Определение активности радионуклидов SR-90 и CS-137 в поверхностных, грунтовых и сточных водах с использованием бета-спектрометрии; АНРИ; Аппаратура и новости радиационных измерений; № 2
| Parent link: | АНРИ.— , 2000- Аппаратура и новости радиационных измерений: научно-информационный журнал/ Доза ; Государственный комитет по санэпиднадзору РФ ; Метрологическая академия РФ № 2.— 2005.— С. 44-47 |
|---|---|
| Other Authors: | , , , , , |
| Language: | Russian |
| Published: |
2005
|
| Series: | Измерения |
| Subjects: | |
| Format: | Book Chapter |
| KOHA link: | https://koha.lib.tpu.ru/cgi-bin/koha/opac-detail.pl?biblionumber=398203 |
MARC
| LEADER | 00000naa2a2200000 4500 | ||
|---|---|---|---|
| 001 | 398203 | ||
| 005 | 20231101065021.0 | ||
| 035 | |a (RuTPU)RU\TPU\prd\38063 | ||
| 090 | |a 398203 | ||
| 100 | |a 20050915a2005 k y0rusy50 ca | ||
| 101 | 0 | |a rus | |
| 102 | |a RU | ||
| 200 | 1 | |a Определение активности радионуклидов SR-90 и CS-137 в поверхностных, грунтовых и сточных водах с использованием бета-спектрометрии |f В. В. Бабенко, А. Г. Исаев, А. С. Казимиров и др. | |
| 225 | 1 | |a Измерения | |
| 320 | |a Библиогр.: 2 назв. | ||
| 461 | 0 | |0 (RuTPU)RU\TPU\prd\1302 |t АНРИ |d 2000- | |
| 461 | |t Аппаратура и новости радиационных измерений |o научно-информационный журнал |f Доза ; Государственный комитет по санэпиднадзору РФ ; Метрологическая академия РФ | ||
| 463 | 0 | |0 (RuTPU)RU\TPU\prd\37169 |t № 2 |v С. 44-47 |d 2005 | |
| 610 | 1 | |a радионуклиды | |
| 610 | 1 | |a активность | |
| 610 | 1 | |a определение | |
| 610 | 1 | |a поверхностные воды | |
| 610 | 1 | |a бета-спектрометрия | |
| 610 | 1 | |a контроль | |
| 610 | 1 | |a грунтовые воды | |
| 610 | 1 | |a сточные воды | |
| 610 | 1 | |a измерения | |
| 610 | 1 | |a аппаратура | |
| 701 | 1 | |a Бабенко |b В. В. | |
| 701 | 1 | |a Исаев |b А. Г. | |
| 701 | 1 | |a Казимиров |b А. С. | |
| 701 | 1 | |a Рудык |b А. Ф. | |
| 701 | 1 | |a Христенко |b Ю. С. | |
| 701 | 1 | |a Цыганков |b Н. Я. | |
| 801 | 1 | |a RU |b 63413507 |c 20050915 |g PSBO | |
| 801 | 2 | |a RU |b 63413507 |c 20120321 |g RCR | |
| 942 | |c BK | ||